000 00246 a2200109 4500
020 _a9780525472483
041 _aspa
100 _aPorter Gaylord, Laurel
245 _aQuiero a mi mama porque, I love my mommy because
942 _cBK
952 _71
999 _c22386
_d22386